000 00922nas a2200301 4500
001 BR0809154
003 BR-BrBNA
005 20231205112655.0
007 ta
008 230509b bl.|||p| |||| 00| 00por d
040 _aBR-BrBNA
_bpor
_cBiblioteca Nacional de Agricultura
041 _a(Pt)
072 _aL01
100 1 _aVaz, F.N.
100 1 _aRestle, J.
100 1 _aPádua, J.T.
100 1 _aMetz, P.A.M.
100 1 _aMoletta, J.L.
100 1 _aFernandes, J.J. de R.
245 1 _aQualidade da carcaça e da carne de novilhos abatidos com pesos similares, terminados em diferentes sistemas de alimentação
650 _aBOVINO
650 _aCONFINAMENTO
650 _aPASTAGEM
650 _aCANA DE AÇÚCAR
773 0 _tCiência Animal Brasileira (Brazil)
_xISSN 1518-2797
_g(Jan-Mar 2007), v. 8(1) p. 31-40
_wBR0809154
909 _a202311
_bLúcia
_c55
_dLúcia Elande
942 _2AGRIS
_n0
_cANA
999 _c199300
_d199300